Normal view
MARC view
- الحاسوب-لحاسبات الإلكترونية-دراسة وتعليم
Entry Topical Term
001 - CONTROL NUMBER
- control field: 31151
003 - CONTROL NUMBER IDENTIFIER
- control field: JO-AjAnu
005 - DATE AND TIME OF LATEST TRANSACTION
- control field: 20230606075240.0
008 - FIXED-LENGTH DATA ELEMENTS
- fixed length control field: 230606|| aca||aabn | a|a d
040 ## - CATALOGING SOURCE
- Original cataloging agency: JO-AjAnu
- Transcribing agency: JO-AjAnu
150 ## - HEADING--TOPICAL TERM
- Topical term or geographic name entry element: الحاسوب-لحاسبات الإلكترونية-دراسة وتعليم
670 ## - SOURCE DATA FOUND
- Source citation: Work cat.: (JO-AjAnu)15996: نصير،مريم مؤلف/الصمادي،عزت م.مشارك/حلالشة،قاسم م.مشارك/العمري،فاروق م.مشارك/السريحين،نواف م.مشارك/مصطفى،سليمان مشرف, author 31150, إستخدام وتطبيق مهارات الحاسوب الحديثة